FIFA World Cup 2026 - Japan Squad - Statistics

General Stats
  • This quiz has been taken 7 times
  • The average score is 12 of 27
Answer Stats
Team # Position Club/Country Player % Correct
Japan 11 LW Celtic FC Daizen Maeda
100%
Japan 8 RW Real Sociedad Takefusa Kubo
100%
Japan 6 DM Liverpool FC Wataru Endo
100%
Japan 15 AM Crystal Palace Daichi Kamada
86%
Japan 22 RB Ajax Amsterdam Takehiro Tomiyasu
86%
Japan 21 CB Bayern Munich Hiroki Ito
71%
Japan 14 RW KRC Genk Junya Ito
71%
Japan 2 RB SV Werder Bremen Yukinari Sugawara
71%
Japan 7 CM Leeds United Ao Tanaka
57%
Japan 25 CB FC Copenhagen Junnosuke Suzuki
57%
Japan 10 RW Eintracht Frankfurt Ritsu Doan
57%
Japan 17 ST SC Freiburg Yuito Suzuki
57%
Japan 5 LB FC Tokyo Yuto Nagatomo
57%
Japan 1 GK Parma Calcio 1913 Zion Suzuki
57%
Japan 18 ST Feyenoord Rotterdam Ayasa Ueda
43%
Japan 4 CB Ajax Amsterdam Ko Itakura
43%
Japan 16 CB Feyenoord Rotterdam Tsuyoshi Watanabe
29%
Japan 20 CB Le Havre AC Ayumu Seko
14%
Japan Manager Japan Hajime Moriyasu
14%
Japan 24 DM 1.FSV Mainz 05 Kaishu Sano
14%
Japan 13 LW Stade Reims Keito Nakamura
14%
Japan 9 ST Sint-Truidense VV Keisuke Goto
0%
Japan 12 GK Sanfrecce Hiroshima Keisuke Osako
0%
Japan 26 ST VfL Wolfsburg Kento Shiogai
0%
Japan 19 ST NEC Nijmegen Koki Ogawa
0%
Japan 3 CB Sint-Truidense VV Shogo Taniguchi
0%
Japan 23 GK Kashima Antlers Tomoki Hayakawa
0%
No matching quizzes found
Score Distribution
Percent of People with Each Score
Percentile by Number Answered
Your Score History
You have not taken this quiz